Statistics for Airlines Serving Edmonton (YEG)

Click here to take the quiz!

General Stats

  • This quiz has been taken 85 times
    (49 since last reset)
  • The average score is 9 of 15

Answer Stats

Airline% Correct
Air Canada
100%
WestJet
100%
Delta Air Lines
85%
KLM
82%
United Airlines
82%
Flair Airlines
73%
Alaska Airlines
61%
Sunwing Airlines
61%
Air Transat
55%
Air North
52%
Canadian North
52%
Icelandair
42%
Central Mountain Air
33%
Northwestern Air
27%
Northern Air
21%

Score Distribution

Percentile by Number Answered

Percent of People with Each Score

Your Score History

You have not taken this quiz since the last reset